000 00319nam a2200109Ia 4500
008 230125s9999 xx 000 0 und d
082 _a340
_bPRAH
100 _aPradhan, Jagat B.
245 0 _aHgh court of Sikkim: commemorating fifty glorious years of the judiciary in Sikkim, 2009-2010
260 _c2009-2010
942 _cBK
999 _c328
_d328